| 000 | 01411nam a2200313 c 4500 | ||
|---|---|---|---|
| 001 | 15684 | ||
| 003 | ES-MaCES | ||
| 005 | 20150929135448.0 | ||
| 008 | 031014s2002 sp t 000 | spa d | ||
| 035 | _aCES20030014184m | ||
| 040 |
_aES-MaCES _bspa _cES-MaCES |
||
| 041 | 0 |
_aspa _aeng |
|
| 245 | 0 | 0 |
_aDeclaración de Madrid sobre la Protección de los Derechos de Autor en la Unión Europea, Madrid, 3 de junio de 2002 _cLa Sociedad General de Autores y Editores y el Grupo de Sociedades de Autores y Compositores Europeos, adoptaron la Declaración = Declaration of Madrid on the Protection of Copyright in the European Union, Madrid, June 3rd 2002 / the General Society of Authors and Editors and the European Grouping of Societies of Authors and Composers, adopted the Declaration |
| 260 |
_aMadrid _bSGAE _bGESAC _c2002 |
||
| 300 |
_a5 p. dup. _c30 cm |
||
| 500 | _aTít. tomado de la cub | ||
| 500 | _aTexto en español e inglés | ||
| 541 | _cGratuito | ||
| 650 | 4 |
_aderecho de autor _928931 |
|
| 650 | 4 |
_aderecho comunitario _929866 |
|
| 650 | 4 |
_adeclaración _928950 |
|
| 653 | 1 | 0 | _aDerecho comunitario |
| 650 | 4 |
_926752 _aUE |
|
| 710 | 2 |
_aSociedad General de Autores y Editores (España) _95001 |
|
| 710 | 2 |
_aGrupo de Sociedades de Autores y Compositores Europeos _93995 |
|
| 902 | _aDOC Literatura gris | ||
| 942 |
_2CES _cBK _h6.0.5. |
||
| 999 |
_c15684 _d15684 |
||